[Event "Irena Warakomska Memorial B"]
[Site "Suwalki"]
[Date "2020.08.12"]
[Round "8"]
[White "Wierzbicki, Michal"]
[Black "Rak, Tomasz"]
[Result "0-1"]
[Board "1"]
[WhiteElo "1849"]
[WhiteCountry "POL"]
[WhiteFideId "1185152"]
[WhiteEloChange "-9"]
[BlackElo "1882"]
[BlackCountry "POL"]
[BlackFideId "1133560"]
[BlackEloChange "9"]

1. d4 {[%clk 1:30:57]} Nf6 {[%clk 1:30:57]} 2. Nf3 {[%clk 1:31:21]} g6 {[%clk
1:31:00]} 3. c4 {[%clk 1:31:41]} Bg7 {[%clk 1:31:17]} 4. Nc3 {[%clk 1:32:06]} O-O
{[%clk 1:31:30]} 5. e4 {[%clk 1:31:53]} d6 {[%clk 1:31:55]} 6. Be2 {[%clk
1:32:06]} a5 {[%clk 1:32:17]} 7. O-O {[%clk 1:23:50]} Nfd7 {[%clk 1:32:36]} 8.
Be3 {[%clk 1:14:21]} Na6 {[%clk 1:29:33]} 9. Qd2 {[%clk 1:09:46]} e5 {[%clk
1:29:53]} 10. Bh6 {[%clk 1:08:07]} c6 {[%clk 1:29:15]} 11. Rfd1 {[%clk 1:04:26]}
Qe7 {[%clk 1:29:12]} 12. Bxg7 {[%clk 0:51:29]} Kxg7 {[%clk 1:29:40]} 13. Rac1
{[%clk 0:51:34]} Nc7 {[%clk 1:25:10]} 14. c5 {[%clk 0:42:44]} dxc5 {[%clk
1:24:11]} 15. d5 {[%clk 0:42:57]} Qd6 {[%clk 1:22:18]} 16. Qe3 {[%clk 0:33:33]}
a4 {[%clk 1:17:10]} 17. dxc6 {[%clk 0:29:48]} Qxc6 {[%clk 1:17:36]} 18. Bc4
{[%clk 0:27:49]} Ra5 {[%clk 1:08:25]} 19. Bd5 {[%clk 0:22:21]} Qb6 {[%clk
1:04:24]} 20. Nd2 {[%clk 0:22:22]} Qa7 {[%clk 1:01:56]} 21. Nc4 {[%clk 0:20:32]}
Ra6 {[%clk 1:02:07]} 22. Qg3 {[%clk 0:17:18]} f6 {[%clk 1:01:10]} 23. Na3 {[%clk
0:15:46]} Rb6 {[%clk 0:53:33]} 24. Rc2 {[%clk 0:14:20]} Rb4 {[%clk 0:52:15]} 25.
Bc4 {[%clk 0:09:42]} Qa5 {[%clk 0:50:18]} 26. Qd3 {[%clk 0:05:38]} Nb6 {[%clk
0:50:01]} 27. Ne2 {[%clk 0:02:55]} Nxc4 {[%clk 0:44:05]} 28. Nxc4 {[%clk
0:03:24]} Qa6 {[%clk 0:44:12]} 29. a3 {[%clk 0:01:15]} Rb3 {[%clk 0:43:52]} 30.
Qd6 {[%clk 0:00:33]} Qxd6 {[%clk 0:43:58]} 31. Rxd6 {[%clk 0:00:35]} Nb5 {[%clk
0:41:46]} 32. Rb6 {[%clk 0:00:50]} Nd4 {[%clk 0:41:20]} 33. Nxd4 {[%clk 0:00:52]}
cxd4 {[%clk 0:41:08]} 34. Rd6 {[%clk 0:01:03]} d3 {[%clk 0:33:49]} 35. Rd2 {[%clk
0:00:44]} Rf7 {[%clk 0:33:14]} 36. Nb6 {[%clk 0:00:38]} Rc7 {[%clk 0:33:16]} 37.
h3 {[%clk 0:00:41]} Rc1+ {[%clk 0:30:58]} 38. Kh2 {[%clk 0:01:08]} Rc2 {[%clk
0:31:12]} 39. R2xd3 {[%clk 0:01:06]} Rbxb2 {[%clk 0:31:01]} 40. Nxa4 {[%clk
0:30:49]} Ra2 {[%clk 1:00:47]} 41. Rf3 {[%clk 0:19:50]} f5 {[%clk 0:56:39]} 42.
Nb6 {[%clk 0:05:11]} fxe4 {[%clk 0:51:12]} 43. Rg3 {[%clk 0:05:21]} Bf5 {[%clk
0:50:29]} 44. Nd7 {[%clk 0:05:30]} Rxf2 {[%clk 0:45:56]} 45. Nxe5 {[%clk
0:05:52]} e3 {[%clk 0:40:51]} 46. Rxe3 {[%clk 0:05:03]} Rxg2+ {[%clk 0:40:09]}
47. Kh1 {[%clk 0:05:32]} Rh2+ {[%clk 0:33:32]} 48. Kg1 {[%clk 0:05:59]} Bxh3
{[%clk 0:33:25]} 49. Nf3 {[%clk 0:05:54]} Rag2+ {[%clk 0:32:51]} 0-1

[Event "Irena Warakomska Memorial B"]
[Site "Suwalki"]
[Date "2020.08.12"]
[Round "8"]
[White "Wolagiewicz, Kinga"]
[Black "Sapeta, Robert"]
[Result "0-1"]
[Board "3"]
[WhiteElo "1719"]
[WhiteCountry "POL"]
[WhiteFideId "1195212"]
[WhiteEloChange "-5"]
[BlackElo "1895"]
[BlackCountry "POL"]
[BlackFideId "1118676"]
[BlackEloChange "5"]

1. e4 {[%clk 1:30:58]} e6 {[%clk 1:30:53]} 2. d4 {[%clk 1:31:17]} c5 {[%clk
1:31:17]} 3. Nf3 {[%clk 1:31:36]} cxd4 {[%clk 1:31:42]} 4. Nxd4 {[%clk 1:32:01]}
a6 {[%clk 1:31:49]} 5. Bd3 {[%clk 1:32:17]} Qc7 {[%clk 1:31:27]} 6. O-O {[%clk
1:32:08]} Nf6 {[%clk 1:31:21]} 7. Nc3 {[%clk 1:32:07]} d6 {[%clk 1:29:58]} 8. Kh1
{[%clk 1:31:11]} Bd7 {[%clk 1:29:39]} 9. f4 {[%clk 1:29:51]} Nc6 {[%clk 1:29:12]}
10. Nf3 {[%clk 1:27:20]} h5 {[%clk 1:05:11]} 11. Qe1 {[%clk 1:20:39]} Be7 {[%clk
1:00:26]} 12. a3 {[%clk 1:08:09]} Rc8 {[%clk 0:46:46]} 13. f5 {[%clk 0:57:55]}
Ne5 {[%clk 0:43:00]} 14. Nxe5 {[%clk 0:42:54]} dxe5 {[%clk 0:43:23]} 15. Be3
{[%clk 0:43:10]} exf5 {[%clk 0:42:08]} 16. exf5 {[%clk 0:43:08]} Bc6 {[%clk
0:41:02]} 17. Bf2 {[%clk 0:37:48]} h4 {[%clk 0:26:20]} 18. h3 {[%clk 0:37:14]} b5
{[%clk 0:20:45]} 19. Rg1 {[%clk 0:21:05]} Nh5 {[%clk 0:15:57]} 20. Be4 {[%clk
0:18:56]} Bxe4 {[%clk 0:06:52]} 21. Qxe4 {[%clk 0:19:15]} Nf6 {[%clk 0:07:13]}
22. Qe2 {[%clk 0:17:44]} Nd7 {[%clk 0:05:23]} 23. Rad1 {[%clk 0:14:59]} Bf6
{[%clk 0:03:57]} 24. Rd2 {[%clk 0:13:49]} O-O {[%clk 0:03:11]} 25. Nd5 {[%clk
0:11:31]} Qc4 {[%clk 0:03:00]} 26. Qh5 {[%clk 0:09:19]} Rfe8 {[%clk 0:02:13]} 27.
Rgd1 {[%clk 0:07:23]} Qe4 {[%clk 0:01:38]} 28. Nc3 {[%clk 0:04:19]} Rxc3 {[%clk
0:01:48]} 29. bxc3 {[%clk 0:04:28]} Nf8 {[%clk 0:01:11]} 30. Re1 {[%clk 0:02:43]}
Qc4 {[%clk 0:01:10]} 31. Rd6 {[%clk 0:01:18]} Nh7 {[%clk 0:00:42]} 32. Rd7 {[%clk
0:01:00]} Rf8 {[%clk 0:00:53]} 33. Qf3 {[%clk 0:01:01]} Ng5 {[%clk 0:01:12]} 34.
Qd3 {[%clk 0:01:11]} Qf4 {[%clk 0:01:24]} 35. Bc5 {[%clk 0:00:43]} Re8 {[%clk
0:01:36]} 36. Rf1 {[%clk 0:00:58]} Qa4 {[%clk 0:01:45]} 37. Re1 {[%clk 0:00:36]}
Qf4 {[%clk 0:01:32]} 38. Rf1 {[%clk 0:00:55]} Qa4 {[%clk 0:01:25]} 39. Bb4 {[%clk
0:01:21]} e4 {[%clk 0:01:51]} 40. Qe3 {[%clk 0:30:58]} Qxc2 {[%clk 0:31:38]} 41.
Rd2 {[%clk 0:25:30]} Qb3 {[%clk 0:29:45]} 42. Rd6 {[%clk 0:21:51]} a5 {[%clk
0:23:59]} 43. Bxa5 {[%clk 0:19:49]} Qxa3 {[%clk 0:23:50]} 44. Bb4 {[%clk
0:19:26]} Qb2 {[%clk 0:18:29]} 45. Rd2 {[%clk 0:13:56]} Qb3 {[%clk 0:18:08]} 46.
Ra1 {[%clk 0:13:09]} Rc8 {[%clk 0:10:08]} 47. Rda2 {[%clk 0:10:20]} Qd5 {[%clk
0:08:27]} 48. Qf4 {[%clk 0:07:09]} Rd8 {[%clk 0:07:01]} 49. Ra6 {[%clk 0:04:31]}
Be5 {[%clk 0:05:45]} 50. Qxh4 {[%clk 0:02:24]} Bf6 {[%clk 0:02:16]} 51. Rxf6
{[%clk 0:01:08]} gxf6 {[%clk 0:02:07]} 52. Be7 {[%clk 0:01:02]} Kg7 {[%clk
0:00:21]} 53. Bxf6+ {[%clk 0:00:18]} Kxf6 {[%clk 0:00:19]} 54. Qh6+ {[%clk
0:00:15]} Ke7 {[%clk 0:00:05]} 55. Qxg5+ {[%clk 0:00:13]} Kd7 {[%clk 0:04:18]}
56. Qf6 {[%clk 0:03:50]} Rc8 {[%clk 0:03:07]} 57. h4 {[%clk 0:01:20]} Rc6 {[%clk
0:02:13]} 58. Ra7+ {[%clk 0:00:37]} Rc7 {[%clk 0:01:49]} 59. Rxc7+ {[%clk
0:00:47]} Kxc7 {[%clk 0:02:14]} 60. Qe7+ {[%clk 0:01:12]} Kc6 {[%clk 0:01:53]}
61. Qe8+ {[%clk 0:01:04]} Kc7 {[%clk 0:01:36]} 62. Qe7+ {[%clk 0:00:57]} Kc6
{[%clk 0:02:01]} 63. Qg5 {[%clk 0:00:41]} Qe5 {[%clk 0:01:34]} 64. Qh6+ {[%clk
0:00:44]} f6 {[%clk 0:01:50]} 65. Qg6 {[%clk 0:00:34]} e3 {[%clk 0:02:05]} 0-1

[Event "Irena Warakomska Memorial B"]
[Site "Suwalki"]
[Date "2020.08.12"]
[Round "8"]
[White "Kaminski, Maciej"]
[Black "Zalega, Maciej"]
[Result "1-0"]
[Board "4"]
[WhiteElo "1840"]
[WhiteCountry "POL"]
[WhiteFideId "1175521"]
[WhiteEloChange "7"]
[BlackElo "1715"]
[BlackCountry "POL"]
[BlackFideId "21858284"]
[BlackEloChange "-7"]

1. d4 {[%clk 1:30:56]} Nf6 {[%clk 1:30:57]} 2. Bf4 {[%clk 1:31:18]} g6 {[%clk
1:30:27]} 3. Nc3 {[%clk 1:31:42]} d5 {[%clk 1:30:35]} 4. e3 {[%clk 1:32:05]} Bg7
{[%clk 1:30:40]} 5. h4 {[%clk 1:32:30]} h5 {[%clk 1:25:31]} 6. Nf3 {[%clk
1:31:41]} Bg4 {[%clk 1:24:25]} 7. Qd2 {[%clk 1:31:42]} c6 {[%clk 1:20:20]} 8. Ne5
{[%clk 1:30:32]} Nbd7 {[%clk 1:15:48]} 9. f3 {[%clk 1:24:22]} Be6 {[%clk
1:06:57]} 10. O-O-O {[%clk 1:18:41]} Bh6 {[%clk 1:03:47]} 11. Bxh6 {[%clk
1:14:14]} Rxh6 {[%clk 1:04:04]} 12. Be2 {[%clk 1:08:02]} Rh8 {[%clk 1:02:40]} 13.
e4 {[%clk 1:07:19]} dxe4 {[%clk 1:00:49]} 14. Nxd7 {[%clk 1:07:08]} Qxd7 {[%clk
0:58:33]} 15. Nxe4 {[%clk 1:06:29]} Nxe4 {[%clk 0:56:56]} 16. fxe4 {[%clk
1:06:53]} O-O-O {[%clk 0:56:27]} 17. Rhf1 {[%clk 1:05:13]} Qd6 {[%clk 0:47:54]}
18. e5 {[%clk 0:57:17]} Qd5 {[%clk 0:45:15]} 19. c4 {[%clk 0:55:30]} Qxg2 {[%clk
0:43:27]} 20. Qe3 {[%clk 0:55:49]} Rhf8 {[%clk 0:26:23]} 21. Bf3 {[%clk 0:48:33]}
Qg3 {[%clk 0:15:38]} 22. Rg1 {[%clk 0:46:56]} Qxh4 {[%clk 0:15:50]} 23. Rh1
{[%clk 0:47:19]} Bh3 {[%clk 0:15:21]} 24. Bg2 {[%clk 0:46:03]} e6 {[%clk
0:14:59]} 25. Bxh3 {[%clk 0:45:39]} Qe7 {[%clk 0:15:23]} 26. d5 {[%clk 0:45:24]}
cxd5 {[%clk 0:10:36]} 27. cxd5 {[%clk 0:45:09]} Kb8 {[%clk 0:09:41]} 28. d6
{[%clk 0:44:13]} Qd7 {[%clk 0:09:38]} 29. Kb1 {[%clk 0:43:46]} Qc6 {[%clk
0:07:38]} 30. Rc1 {[%clk 0:43:21]} Qb5 {[%clk 0:06:15]} 31. Rc5 {[%clk 0:38:19]}
Qb6 {[%clk 0:04:33]} 32. Rhc1 {[%clk 0:37:40]} Rc8 {[%clk 0:03:34]} 33. Qh6
{[%clk 0:37:23]} Rfd8 {[%clk 0:01:30]} 34. Rxc8+ {[%clk 0:34:28]} Rxc8 {[%clk
0:01:59]} 35. Rxc8+ {[%clk 0:34:43]} Kxc8 {[%clk 0:02:28]} 36. Qf8+ {[%clk
0:34:58]} Kd7 {[%clk 0:02:56]} 37. Qxf7+ {[%clk 0:33:21]} Kc6 {[%clk 0:03:26]}
38. Bg2+ {[%clk 0:32:10]} Kb5 {[%clk 0:03:37]} 39. Qf1+ {[%clk 0:29:36]} Ka5
{[%clk 0:03:50]} 40. Qe1+ {[%clk 0:58:35]} Kb5 {[%clk 0:33:59]} 41. Qe2+ {[%clk
0:58:49]} Kc5 {[%clk 0:34:18]} 42. Qc2+ {[%clk 0:58:26]} Kb5 {[%clk 0:34:37]} 43.
Qd3+ {[%clk 0:58:31]} Ka5 {[%clk 0:35:03]} 44. Qc3+ {[%clk 0:58:40]} Ka4 {[%clk
0:35:19]} 45. b3+ {[%clk 0:58:21]} Ka3 {[%clk 0:35:43]} 46. Qc1+ {[%clk 0:58:45]}
Kb4 {[%clk 0:36:09]} 47. Qc4+ {[%clk 0:59:08]} 1-0

[Event "Irena Warakomska Memorial B"]
[Site "Suwalki"]
[Date "2020.08.12"]
[Round "8"]
[White "Widelski, Kacper"]
[Black "Lukasik, Zuzanna"]
[Result "1-0"]
[Board "6"]
[WhiteElo "1879"]
[WhiteCountry "POL"]
[WhiteFideId "1159950"]
[WhiteEloChange "3"]
[BlackElo "1553"]
[BlackCountry "POL"]
[BlackFideId "21813906"]
[BlackEloChange "-3"]

1. e4 {[%clk 1:30:58]} c5 {[%clk 1:30:54]} 2. Nf3 {[%clk 1:31:22]} e6 {[%clk
1:30:50]} 3. d4 {[%clk 1:31:45]} cxd4 {[%clk 1:31:16]} 4. Nxd4 {[%clk 1:32:09]}
a6 {[%clk 1:31:34]} 5. Nc3 {[%clk 1:32:31]} Qc7 {[%clk 1:31:50]} 6. Bd3 {[%clk
1:32:53]} Nf6 {[%clk 1:32:10]} 7. O-O {[%clk 1:32:00]} d6 {[%clk 1:32:29]} 8. a4
{[%clk 1:31:18]} Nbd7 {[%clk 1:32:25]} 9. Be3 {[%clk 1:29:18]} b6 {[%clk
1:30:44]} 10. Qe2 {[%clk 1:12:47]} Bb7 {[%clk 1:30:02]} 11. Rae1 {[%clk 1:11:40]}
g6 {[%clk 1:27:49]} 12. h3 {[%clk 1:05:49]} Bg7 {[%clk 1:27:57]} 13. f4 {[%clk
1:03:58]} O-O {[%clk 1:25:28]} 14. Bf2 {[%clk 0:54:19]} Rfc8 {[%clk 1:21:12]} 15.
Qd2 {[%clk 0:38:36]} Nc5 {[%clk 1:14:37]} 16. Nf3 {[%clk 0:33:00]} Nfd7 {[%clk
1:11:38]} 17. Bd4 {[%clk 0:31:50]} Nxd3 {[%clk 1:09:44]} 18. cxd3 {[%clk
0:29:49]} Bxd4+ {[%clk 1:09:40]} 19. Nxd4 {[%clk 0:30:12]} Nc5 {[%clk 1:06:16]}
20. Nf3 {[%clk 0:28:04]} Bc6 {[%clk 1:01:19]} 21. f5 {[%clk 0:26:03]} exf5 {[%clk
0:56:57]} 22. exf5 {[%clk 0:25:51]} Re8 {[%clk 0:53:00]} 23. Qh6 {[%clk 0:21:10]}
Nd7 {[%clk 0:46:27]} 24. Rxe8+ {[%clk 0:18:59]} Rxe8 {[%clk 0:46:43]} 25. Ng5
{[%clk 0:19:10]} Nf6 {[%clk 0:41:55]} 26. fxg6 {[%clk 0:19:24]} fxg6 {[%clk
0:42:02]} 27. Rxf6 {[%clk 0:19:38]} Re1+ {[%clk 0:42:06]} 28. Rf1 {[%clk
0:20:01]} Qe7 {[%clk 0:41:35]} 29. Nce4 {[%clk 0:19:15]} Rxf1+ {[%clk 0:41:34]}
30. Kxf1 {[%clk 0:19:32]} Bxe4 {[%clk 0:41:31]} 31. dxe4 {[%clk 0:19:05]} Qf6+
{[%clk 0:41:45]} 32. Kg1 {[%clk 0:18:59]} Qd4+ {[%clk 0:41:53]} 33. Kh1 {[%clk
0:19:21]} Qd1+ {[%clk 0:40:59]} 34. Kh2 {[%clk 0:19:46]} 1-0

[Event "Irena Warakomska Memorial B"]
[Site "Suwalki"]
[Date "2020.08.12"]
[Round "8"]
[White "Bancarewicz, Aleks"]
[Black "Cwiek, Ryszard"]
[Result "0-1"]
[Board "7"]
[WhiteElo "1781"]
[WhiteCountry "POL"]
[WhiteFideId "21838550"]
[WhiteEloChange "-8"]
[BlackElo "1867"]
[BlackCountry "POL"]
[BlackFideId "21840920"]
[BlackEloChange "8"]

1. e4 {[%clk 1:30:58]} e6 {[%clk 1:30:53]} 2. d4 {[%clk 1:31:25]} d5 {[%clk
1:31:19]} 3. Nc3 {[%clk 1:31:48]} Nc6 {[%clk 1:31:44]} 4. Nf3 {[%clk 1:20:15]}
Nf6 {[%clk 1:32:06]} 5. Bg5 {[%clk 1:17:48]} Be7 {[%clk 1:28:02]} 6. e5 {[%clk
1:15:39]} Ne4 {[%clk 1:24:31]} 7. Bxe7 {[%clk 1:14:01]} Qxe7 {[%clk 1:24:52]} 8.
a3 {[%clk 1:10:27]} Nxc3 {[%clk 1:14:52]} 9. bxc3 {[%clk 1:09:36]} Na5 {[%clk
1:15:14]} 10. Qb1 {[%clk 0:56:11]} Bd7 {[%clk 1:06:41]} 11. Qb4 {[%clk 0:55:37]}
b6 {[%clk 1:06:56]} 12. Qxe7+ {[%clk 0:39:39]} Kxe7 {[%clk 1:07:21]} 13. Nd2
{[%clk 0:40:04]} Ba4 {[%clk 0:56:49]} 14. Bd3 {[%clk 0:34:42]} c5 {[%clk
0:52:22]} 15. Ra2 {[%clk 0:32:37]} c4 {[%clk 0:27:38]} 16. Be2 {[%clk 0:32:21]}
Bd7 {[%clk 0:26:42]} 17. O-O {[%clk 0:26:43]} b5 {[%clk 0:24:47]} 18. f4 {[%clk
0:26:18]} Rab8 {[%clk 0:23:24]} 19. Rb2 {[%clk 0:24:05]} Rb6 {[%clk 0:18:43]} 20.
Bf3 {[%clk 0:23:16]} Nc6 {[%clk 0:17:20]} 21. Ra1 {[%clk 0:14:11]} a5 {[%clk
0:15:46]} 22. Nf1 {[%clk 0:14:16]} Rhb8 {[%clk 0:14:28]} 23. Ne3 {[%clk 0:13:56]}
R6b7 {[%clk 0:12:46]} 24. Rab1 {[%clk 0:09:40]} b4 {[%clk 0:10:21]} 25. axb4
{[%clk 0:09:48]} axb4 {[%clk 0:10:50]} 26. cxb4 {[%clk 0:08:18]} c3 {[%clk
0:09:50]} 27. Ra2 {[%clk 0:02:16]} Nxd4 {[%clk 0:10:07]} 28. Kf2 {[%clk 0:01:54]}
Nxf3 {[%clk 0:09:04]} 29. Kxf3 {[%clk 0:02:10]} Rxb4 {[%clk 0:09:27]} 30. Rxb4
{[%clk 0:01:46]} Rxb4 {[%clk 0:09:56]} 31. Nd1 {[%clk 0:02:09]} d4 {[%clk
0:09:59]} 32. g3 {[%clk 0:02:38]} Rb1 {[%clk 0:09:15]} 33. Nxc3 {[%clk 0:02:09]}
dxc3 {[%clk 0:09:34]} 34. Ra3 {[%clk 0:02:38]} Rb6 {[%clk 0:08:03]} 35. Rxc3
{[%clk 0:02:24]} Rc6 {[%clk 0:08:20]} 36. Ra3 {[%clk 0:02:32]} Rxc2 {[%clk
0:08:34]} 37. h4 {[%clk 0:03:00]} h5 {[%clk 0:08:00]} 38. Ra7 {[%clk 0:02:48]}
Ke8 {[%clk 0:07:08]} 39. Ra8+ {[%clk 0:03:00]} Rc8 {[%clk 0:07:24]} 40. Ra7
{[%clk 0:33:52]} Rc3+ {[%clk 0:38:15]} 41. Kf2 {[%clk 0:34:00]} Bc6 {[%clk
0:37:36]} 42. Rc7 {[%clk 0:33:43]} Rf3+ {[%clk 0:36:57]} 43. Kg2 {[%clk 0:34:03]}
Bd5 {[%clk 0:37:03]} 44. Kh3 {[%clk 0:33:47]} Rf1 {[%clk 0:36:57]} 45. Rc2 {[%clk
0:33:34]} Rh1+ {[%clk 0:36:24]} 46. Rh2 {[%clk 0:34:03]} Rxh2+ {[%clk 0:36:44]}
47. Kxh2 {[%clk 0:34:31]} Kf8 {[%clk 0:34:56]} 48. Kh3 {[%clk 0:34:27]} Bf3
{[%clk 0:35:19]} 49. Kh2 {[%clk 0:34:55]} Kg8 {[%clk 0:35:41]} 50. Kg1 {[%clk
0:35:00]} Kh7 {[%clk 0:36:01]} 51. Kf2 {[%clk 0:35:29]} Bd5 {[%clk 0:36:14]} 52.
Ke3 {[%clk 0:35:57]} Kg6 {[%clk 0:36:37]} 53. Kf2 {[%clk 0:36:23]} Kf5 {[%clk
0:37:02]} 54. Ke3 {[%clk 0:36:51]} Kg4 {[%clk 0:37:23]} 55. Kf2 {[%clk 0:37:20]}
Bc6 {[%clk 0:37:37]} 56. Ke3 {[%clk 0:37:48]} Kxg3 {[%clk 0:38:00]} 57. Ke2
{[%clk 0:38:16]} 0-1

[Event "Irena Warakomska Memorial B"]
[Site "Suwalki"]
[Date "2020.08.12"]
[Round "8"]
[White "Kaznowska, Weronika"]
[Black "Racis, Michal"]
[Result "0-1"]
[Board "15"]
[WhiteElo "1594"]
[WhiteCountry "POL"]
[WhiteFideId "21816719"]
[WhiteEloChange "-11"]
[BlackElo "1554"]
[BlackCountry "POL"]
[BlackFideId "21886717"]
[BlackEloChange "11"]

1. d4 {[%clk 1:30:30]} d5 {[%clk 1:30:30]} 2. c4 {[%clk 1:30:30]} e6 {[%clk
1:30:30]} 3. Nc3 {[%clk 1:30:30]} Nf6 {[%clk 1:30:30]} 4. Bf4 {[%clk 1:30:30]}
Bd6 {[%clk 1:30:30]} 5. Bg3 {[%clk 1:30:30]} b6 {[%clk 1:30:30]} 6. e3 {[%clk
1:30:30]} Bb7 {[%clk 1:30:30]} 7. Nf3 {[%clk 1:30:30]} O-O {[%clk 1:30:30]} 8.
Bd3 {[%clk 1:30:30]} Ne4 {[%clk 1:30:30]} 9. Qb3 {[%clk 1:30:30]} Nxc3 {[%clk
1:30:30]} 10. Qxc3 {[%clk 1:30:30]} Qe7 {[%clk 1:30:30]} 11. a3 {[%clk 1:30:30]}
Nd7 {[%clk 1:30:30]} 12. Qc2 {[%clk 1:30:30]} h6 {[%clk 1:30:30]} 13. b4 {[%clk
1:30:30]} c5 {[%clk 1:30:30]} 14. cxd5 {[%clk 1:30:30]} exd5 {[%clk 1:30:30]} 15.
bxc5 {[%clk 1:30:30]} bxc5 {[%clk 1:30:30]} 16. Bxd6 {[%clk 1:30:30]} Qxd6 {[%clk
1:30:30]} 17. Bf5 {[%clk 1:30:30]} cxd4 {[%clk 1:30:30]} 18. Bxd7 {[%clk
1:30:30]} Qxd7 {[%clk 1:30:30]} 19. Nxd4 {[%clk 1:30:30]} Rfc8 {[%clk 1:30:30]}
20. Qd3 {[%clk 1:30:30]} a5 {[%clk 1:30:30]} 21. Kd2 {[%clk 1:30:30]} Ba6 {[%clk
1:30:30]} 22. Qf5 {[%clk 1:30:30]} Qd6 {[%clk 1:30:30]} 23. Qg4 {[%clk 1:30:30]}
Rab8 {[%clk 1:30:30]} 24. Ra2 {[%clk 1:30:30]} Qf6 {[%clk 1:30:30]} 25. Qf5
{[%clk 1:30:30]} Qd6 {[%clk 1:30:30]} 26. h4 {[%clk 1:30:30]} g6 {[%clk 1:30:30]}
27. Qf3 {[%clk 1:30:30]} Qc5 {[%clk 1:30:30]} 28. Rha1 {[%clk 1:30:30]} Qc3+
{[%clk 1:30:30]} 29. Kd1 {[%clk 1:30:30]} Qb3+ {[%clk 1:30:30]} 0-1

[Event "Irena Warakomska Memorial B"]
[Site "Suwalki"]
[Date "2020.08.12"]
[Round "8"]
[White "Kitewski, Bartosz"]
[Black "Pietryk, Joanna"]
[Result "1-0"]
[Board "16"]
[WhiteElo "1718"]
[WhiteCountry "POL"]
[WhiteFideId "21854491"]
[WhiteEloChange "2"]
[BlackElo "1313"]
[BlackCountry "POL"]
[BlackFideId "21881308"]
[BlackEloChange "-2"]

1. d4 {[%clk 1:30:30]} Nf6 {[%clk 1:30:30]} 2. c4 {[%clk 1:30:30]} g6 {[%clk
1:30:30]} 3. Nc3 {[%clk 1:30:30]} Bg7 {[%clk 1:30:30]} 4. e4 {[%clk 1:30:30]} d6
{[%clk 1:30:30]} 5. Nf3 {[%clk 1:30:30]} O-O {[%clk 1:30:30]} 6. Be2 {[%clk
1:30:30]} e5 {[%clk 1:30:30]} 7. O-O {[%clk 1:30:30]} Nc6 {[%clk 1:30:30]} 8. d5
{[%clk 1:30:30]} Ne7 {[%clk 1:30:30]} 9. Ne1 {[%clk 1:30:30]} Nd7 {[%clk
1:30:30]} 10. Be3 {[%clk 1:30:30]} f5 {[%clk 1:30:30]} 11. f3 {[%clk 1:30:30]} f4
{[%clk 1:30:30]} 12. Bf2 {[%clk 1:30:30]} g5 {[%clk 1:30:30]} 13. Nd3 {[%clk
1:30:30]} Nf6 {[%clk 1:30:30]} 14. c5 {[%clk 1:30:30]} Ng6 {[%clk 1:30:30]} 15.
a4 {[%clk 1:30:30]} Rf7 {[%clk 1:30:30]} 16. a5 {[%clk 1:30:30]} h5 {[%clk
1:30:30]} 17. c6 {[%clk 1:30:30]} bxc6 {[%clk 1:30:30]} 18. dxc6 {[%clk 1:30:30]}
g4 {[%clk 1:30:30]} 19. Nb4 {[%clk 1:30:30]} Nf8 {[%clk 1:30:30]} 20. Bc4 {[%clk
1:30:30]} Ne6 {[%clk 1:30:30]} 21. Nb5 {[%clk 1:30:30]} gxf3 {[%clk 1:30:30]} 22.
gxf3 {[%clk 1:30:30]} Bh6 {[%clk 1:30:30]} 23. Nxa7 {[%clk 1:30:30]} Rg7+ {[%clk
1:30:30]} 24. Kh1 {[%clk 1:30:30]} Kf7 {[%clk 1:30:30]} 25. Nxc8 {[%clk 1:30:30]}
Qxc8 {[%clk 1:30:30]} 26. Nd5 {[%clk 1:30:30]} Qe8 {[%clk 1:30:30]} 27. Nxc7
{[%clk 1:30:30]} 1-0

[Event "Irena Warakomska Memorial B"]
[Site "Suwalki"]
[Date "2020.08.12"]
[Round "8"]
[White "Cwiek, Stefan"]
[Black "Harasimczuk, Jakub"]
[Result "1-0"]
[Board "17"]
[WhiteElo "1349"]
[WhiteCountry "POL"]
[WhiteFideId "21857628"]
[WhiteEloChange "11"]
[BlackElo "1400"]
[BlackCountry "POL"]
[BlackFideId "21845115"]
[BlackEloChange "-11"]

1. e4 {[%clk 1:30:30]} e5 {[%clk 1:30:30]} 2. Nf3 {[%clk 1:30:30]} Nc6 {[%clk
1:30:30]} 3. Bc4 {[%clk 1:30:30]} Bc5 {[%clk 1:30:30]} 4. c3 {[%clk 1:30:30]} Nf6
{[%clk 1:30:30]} 5. d4 {[%clk 1:30:30]} exd4 {[%clk 1:30:30]} 6. cxd4 {[%clk
1:30:30]} Bb4+ {[%clk 1:30:30]} 7. Bd2 {[%clk 1:30:30]} O-O {[%clk 1:30:30]} 8.
Bxb4 {[%clk 1:30:30]} Nxb4 {[%clk 1:30:30]} 9. e5 {[%clk 1:30:30]} d5 {[%clk
1:30:30]} 10. Be2 {[%clk 1:30:30]} Ne4 {[%clk 1:30:30]} 11. a3 {[%clk 1:30:30]}
Nc6 {[%clk 1:30:30]} 12. Nc3 {[%clk 1:30:30]} Be6 {[%clk 1:30:30]} 13. O-O {[%clk
1:30:30]} a6 {[%clk 1:30:30]} 14. h3 {[%clk 1:30:30]} Rb8 {[%clk 1:30:30]} 15.
Bd3 {[%clk 1:30:30]} Ng5 {[%clk 1:30:30]} 16. Nxg5 {[%clk 1:30:30]} Qxg5 {[%clk
1:30:30]} 17. f4 {[%clk 1:30:30]} Qh4 {[%clk 1:30:30]} 18. Kh2 {[%clk 1:30:30]}
g6 {[%clk 1:30:30]} 19. Ne2 {[%clk 1:30:30]} f6 {[%clk 1:30:30]} 20. Qc2 {[%clk
1:30:30]} fxe5 {[%clk 1:30:30]} 21. dxe5 {[%clk 1:30:30]} Bf5 {[%clk 1:30:30]}
22. Bxf5 {[%clk 1:30:30]} Rxf5 {[%clk 1:30:30]} 23. Qc5 {[%clk 1:30:30]} Rd8
{[%clk 1:30:30]} 24. Rad1 {[%clk 1:30:30]} Qe7 {[%clk 1:30:30]} 25. Qxe7 {[%clk
1:30:30]} Nxe7 {[%clk 1:30:30]} 26. Nd4 {[%clk 1:30:30]} Rf7 {[%clk 1:30:30]} 27.
Ne6 {[%clk 1:30:30]} Rc8 {[%clk 1:30:30]} 28. Nc5 {[%clk 1:30:30]} Rb8 {[%clk
1:30:30]} 29. g4 {[%clk 1:30:30]} c6 {[%clk 1:30:30]} 30. Rd3 {[%clk 1:30:30]}
Nc8 {[%clk 1:30:30]} 31. f5 {[%clk 1:30:30]} Nb6 {[%clk 1:30:30]} 32. e6 {[%clk
1:30:30]} Rf6 {[%clk 1:30:30]} 33. Rb3 {[%clk 1:30:30]} Nc4 {[%clk 1:30:30]} 34.
Rf2 {[%clk 1:30:30]} Rff8 {[%clk 1:30:30]} 35. Nd7 {[%clk 1:30:30]} gxf5 {[%clk
1:30:30]} 36. Nxb8 {[%clk 1:30:30]} Rxb8 {[%clk 1:30:30]} 37. gxf5 {[%clk
1:30:30]} Ne5 {[%clk 1:30:30]} 38. Rg3+ {[%clk 1:30:30]} Kf8 {[%clk 1:30:30]} 39.
Re2 {[%clk 1:30:30]} Nc4 {[%clk 1:30:30]} 40. f6 {[%clk 1:30:30]} Nd6 {[%clk
1:30:30]} 41. Reg2 {[%clk 1:30:30]} 1-0